| Tag |
First Indicator |
Second Indicator |
Subfields |
| LEADER |
00000cam a2200000 4500 |
| 001 |
in00000095207 |
| 005 |
20150927110654.0 |
| 008 |
780804s1957 ne bf 00000 eng c |
| 010 |
|
|
|a a 58002392
|
| 035 |
|
|
|a (OCoLC)04110350
|
| 035 |
|
|
|9 AAL7088AM
|
| 040 |
|
|
|a Florida. Univ. Library
|c TJC
|d TXA
|d UtOrBLW
|
| 049 |
|
|
|a TXAM
|c [296657]
|
| 050 |
0 |
0 |
|a TS1080
|b .P183 vol. 6
|
| 082 |
0 |
|
|a *676.2
|
| 100 |
1 |
|
|a Shorter, Alfred Henry.
|
| 245 |
1 |
0 |
|a Paper mills and paper makers in England, 1495-1800.
|
| 264 |
|
1 |
|a Hilversum, Holland :
|b Paper Publications Society,
|c 1957.
|
| 300 |
|
|
|a 457 pages :
|b plates, maps. ;
|c 31 cm.
|
| 336 |
|
|
|a text
|b txt
|2 rdacontent
|
| 337 |
|
|
|a unmediated
|b n
|2 rdamedia
|
| 338 |
|
|
|a volume
|b nc
|2 rdacarrier
|
| 490 |
1 |
|
|a Monumenta chartae papyraceae historiam illustrantia,
|v v. 6
|
| 650 |
|
0 |
|a Paper industry
|z Great Britain.
|
| 830 |
|
0 |
|a Monumenta chartae papyraceae historiam illustrantia ;
|v v. 6.
|
| 999 |
|
|
|a MARS
|
| 999 |
f |
f |
|s e88c36a9-82bb-39c3-b940-7ab865252f03
|i beefa831-c304-3595-9ab9-991ad3f2d866
|t 0
|
| 952 |
f |
f |
|p normal
|a Texas A&M University
|b College Station
|c Sterling C. Evans Library
|d Evans: Library Stacks
|t 0
|e TS1080 .P183 vol. 6
|h Library of Congress classification
|i unmediated -- volume
|m A14805650661
|
| 998 |
f |
f |
|a TS1080 .P183 vol. 6
|t 0
|l Evans: Library Stacks
|